| 000 | 00515nmm a2200169Ia 4500 | ||
|---|---|---|---|
| 008 | 251105s9999||||xx |||||||||||||||||und|| | ||
| 020 | _a9788415031765 | ||
| 041 | _aspa | ||
| 100 | _aCabezudo Rodríguez (ed.), Nicolás | ||
| 245 | 0 | _aInclusión digital: perspectivas y experiencias | |
| 264 |
_a[Madrid, España] : _bPrensas Universitarias de Zaragoza, _c2011 |
||
| 300 | _a414 páginas | ||
| 490 | _aLEFIS Series | ||
| 650 | _aLaw | ||
| 856 | _uhttps://public.digitaliapublishing.com/a/34541 | ||
| 942 | _cCF | ||
| 999 |
_c76452 _d76452 |
||